000
00343 a2200157 4500
001
193069
020
_a
978-85-64823-74-7
040
_c
Magnum
100
_a
Roba, Verron
240
1
0
_a
Boule & bill: que circo!
_l
por
245
1
0
_a
Boule & bill: que circo!
300
_a
46
362
0
_a
2013
697
_a
LITERATURA INFANTO
942
_c
BK
999
_c
193069
_d
193069